000 00544nam a2200193Ia 4500
005 20260120132513.0
008 008 260114s9999 xx 000 0 eng d
020 _a9780191944161
037 _aEBOOK
040 _aCRL
_beng
_cCRL
041 _aeng
_2eng
084 _qCRL
100 _aAmengual
_9939816
245 0 _aCommunities, Mines, and Distributive Politics
260 _bOxford University PressOxford University Press
_c2024
856 _uhttps://academic.oup.com/book/58086
942 _cEBOOK
999 _c1531739
_d1531739